Two gentlemen of Rome; (Record no. 130205)
[ view plain ]
| 000 -LEADER | |
|---|---|
| fixed length control field | 01239cam a22003251 4500 |
| 001 - CONTROL NUMBER | |
| control field | 7905450 |
| 003 - CONTROL NUMBER IDENTIFIER | |
| control field | ARRUPE |
| 005 - DATE AND TIME OF LATEST TRANSACTION | |
| control field | 20200129101605.0 |
| 008 - FIXED-LENGTH DATA ELEMENTS--GENERAL INFORMATION | |
| fixed length control field | 720406s1952 xx 000 0 eng |
| 010 ## - LIBRARY OF CONGRESS CONTROL NUMBER | |
| LC control number | 52003661 |
| 015 ## - NATIONAL BIBLIOGRAPHY NUMBER | |
| National bibliography number | GB52-8502 |
| 035 ## - SYSTEM CONTROL NUMBER | |
| System control number | (OCoLC)276864 |
| 040 ## - CATALOGING SOURCE | |
| Original cataloging agency | DLC |
| Transcribing agency | OYU |
| Modifying agency | OCoLC |
| -- | Uk |
| -- | DLC |
| 050 00 - LIBRARY OF CONGRESS CALL NUMBER | |
| Classification number | PR4836 |
| Item number | .R3 1952 |
| 300 ## - PHYSICAL DESCRIPTION | |
| Other physical details | illus. |
| Dimensions | 23 cm. |
| 100 1# - MAIN ENTRY--PERSONAL NAME | |
| Personal name | Raymond, Ernest, |
| Dates associated with a name | 1888- |
| 9 (RLIN) | 49115 |
| 245 10 - TITLE STATEMENT | |
| Title | Two gentlemen of Rome; |
| Remainder of title | the story of Keats and Shelley. |
| Statement of responsibility, etc | Ernest Raymond |
| 260 ## - PUBLICATION, DISTRIBUTION, ETC. (IMPRINT) | |
| Place of publication, distribution, etc | London, |
| Name of publisher, distributor, etc | Cassell and company |
| Date of publication, distribution, etc | [1952] |
| 300 ## - PHYSICAL DESCRIPTION | |
| Extent | 261 p. |
| 504 ## - BIBLIOGRAPHY, ETC. NOTE | |
| Bibliography, etc | Includes bibliography. |
| 600 10 - SUBJECT ADDED ENTRY--PERSONAL NAME | |
| Personal name | Keats, John, |
| Dates associated with a name | 1795-1821 |
| General subdivision | Homes and haunts |
| Geographic subdivision | Italy |
| -- | Rome. |
| 9 (RLIN) | 49116 |
| 600 10 - SUBJECT ADDED ENTRY--PERSONAL NAME | |
| Personal name | Shelley, Percy Bysshe, |
| Dates associated with a name | 1792-1822 |
| General subdivision | Homes and haunts |
| Geographic subdivision | Italy |
| -- | Rome. |
| 9 (RLIN) | 49117 |
| 650 #0 - SUBJECT ADDED ENTRY--TOPICAL TERM | |
| Topical term or geographic name as entry element | British |
| Geographic subdivision | Italy |
| -- | Rome |
| General subdivision | History |
| Chronological subdivision | 19th century. |
| 9 (RLIN) | 49118 |
| 650 #0 - SUBJECT ADDED ENTRY--TOPICAL TERM | |
| Topical term or geographic name as entry element | Poets, English |
| General subdivision | Homes and haunts |
| Geographic subdivision | Italy |
| -- | Rome. |
| 9 (RLIN) | 49119 |
| 650 #0 - SUBJECT ADDED ENTRY--TOPICAL TERM | |
| Topical term or geographic name as entry element | Poets, English |
| Chronological subdivision | 19th century |
| Form subdivision | Biography. |
| 9 (RLIN) | 29876 |
| 651 #0 - SUBJECT ADDED ENTRY--GEOGRAPHIC NAME | |
| Geographic name | Rome (Italy) |
| General subdivision | Intellectual life |
| Chronological subdivision | 19th century. |
| 9 (RLIN) | 49120 |
| 651 #0 - SUBJECT ADDED ENTRY--GEOGRAPHIC NAME | |
| Geographic name | Italy |
| General subdivision | Intellectual life |
| Chronological subdivision | 1789-1900. |
| 9 (RLIN) | 49121 |
| 651 #0 - SUBJECT ADDED ENTRY--GEOGRAPHIC NAME | |
| Geographic name | Rome (Italy) |
| Form subdivision | Biography. |
| 9 (RLIN) | 49122 |
| 906 ## - LOCAL DATA ELEMENT F, LDF (RLIN) | |
| a | 7 |
| b | cbc |
| c | oclcrpl |
| d | u |
| e | ncip |
| f | 19 |
| g | y-gencatlg |
| 942 ## - ADDED ENTRY ELEMENTS (KOHA) | |
| Source of classification or shelving scheme | Library of Congress Classification |
| Koha item type | Monograph ( Printed materials) |
| Withdrawn status | Lost status | Source of classification or shelving scheme | Damaged status | Not for loan | Collection code | Home library | Current library | Shelving location | Date acquired | Total Checkouts | Full call number | Barcode | Date last seen | Price effective from | Koha item type |
|---|---|---|---|---|---|---|---|---|---|---|---|---|---|---|---|
| Library of Congress Classification | Main Collection | ARRUPE LIBRARY | ARRUPE LIBRARY | Main Collection | 29/01/2020 | PR4836 .R3 1952 | 46600006283 | 29/01/2020 | 29/01/2020 | Monograph ( Printed materials) |